000 00570nam a2200217Ia 4500
003 OSt
005 20220926042018.0
006 a|||||r|||| 00| 0
007 ta
008 220923b |||||||| |||| 00| 0 eng d
037 _cGeneral Book
040 _aRTL
_cRTL
_beng
041 _2eng
_aeng
082 _aX76.3.N5, J9
100 _aEinzig Paul
245 0 _aControl of the purse
_b Progress and decline of par
260 _c1959
650 _aExpenditure
_9236431
942 _hX76.3.N5, J9
_cGB
_2CC
999 _c668661
_d668661